000
00339pab a2200145 454500
008
180718b1985 xxu||||| |||| 00| 0 eng d
100
_a
Raghavan, S.V.
245
_a
Steel at cross roads
260
_c
1985
300
_a
35-7
362
_a
10 Aug.
650
_a
Steel Industry and Trade - India
773
_a
Mainstream
909
_a
18538
999
_c
18538
_d
18538